000 00411pab a2200157 454500
008 180718b1996 xxu||||| |||| 00| 0 eng d
100 _aSingh, Shyama Nand
245 _aImposition and revocation of President's rule
260 _c1996
300 _ap.13-17
362 _a16 Nov
650 _aGujarat - Politics and government
650 _aPolitics and government
773 _aMainstream
909 _a32553
999 _c32553
_d32553